[Event "Cidade do Salvador op"]
[Site "Cidade do Salvador"]
[Date "2009.04.09"]
[Round "1"]
[White "Aguiar, Romulo"]
[Black "Reis, Paulo F Jatoba"]
[Result "0-1"]
[WhiteElo "1774"]
[BlackElo "2329"]
[PlyCount "49"]
[EventDate "2009.04.09"]
[EventType "swiss"]
[EventRounds "7"]
[EventCountry "BRA"]
[SourceTitle "EXT 2012"]
[Source "ChessBase"]
[SourceDate "2011.11.24"]
[SourceVersion "1"]
[SourceVersionDate "2011.11.24"]
[SourceQuality "1"]

1. d4 e6 2. e3 f5 3. Nf3 Nf6 4. c4 b6 5. Nc3 Bb7 6. b3 Bb4 7. Bb2 Ne4 8. Qc2 c5 9. Nd2 cxd4 10. exd4 0-0 11. a3 Bxc3 12. Bxc3 d5 13. Be2 Nc6 14. Nf3 g5 15. Rd1 Rf6 16. Ne5 Rh6 17. b4 dxc4 18. Bxc4 Nxe5 19. dxe5 Qc7 20. Bb2 Rc8 21. Qb3 Qxc4 22. Rd8+ Kf7 23. Qxc4 Rxc4 24. 0-0 Ke7 25. Rfd1 0-1